Welcome to the Holygrace Academy Library

Please use search bar below to get started

THE BIBLE PAGEANT (Record no. 6672)

MARC details
000 -LEADER
fixed length control field 00580nam a22001337a 4500
082 ## - DEWEY DECIMAL CLASSIFICATION NUMBER
Classification number 200
Item number NEF/B
100 ## - MAIN ENTRY--AUTHOR NAME
Personal name NEFF, MERLIN.L
245 ## - TITLE STATEMENT
Title THE BIBLE PAGEANT
260 ## - PUBLICATION, DISTRIBUTION, ETC. (IMPRINT)
Place of publication CALIFORNIA
Name of publisher PACIFIC PRESS
300 ## - PHYSICAL DESCRIPTION
Number of Pages 253
520 ## - SUMMARY, ETC.
Summary, etc The story takes place during the reign of King Ahasuerus in the Persian Empire. Queen Vashti, the wife of King Ahasuerus, is banished from the court for disobeying the king's orders. To find a new queen, a beauty pageant is held and Esther, a young Jewish woman living in Persia, is chosen as the new queen.
650 ## - SUBJECT ADDED ENTRY--TOPICAL TERM
Topical Term BIBLE STORIES
942 ## - ADDED ENTRY ELEMENTS (KOHA)
Koha item type Books
Holdings
Withdrawn status Lost status Collection code Home library Current library Shelving location Date acquired Source of acquisition Full call number Accession Number Koha item type
    Reference Main Library Main Library SHELF 15 C-RELIGIOUS 05/05/2005 Purchase 200 NEF/B 01097 Books